UK History Picture Quiz - B - Statistics

General Stats
  • This quiz has been taken 569 times
  • The average score is 11 of 15
Answer Stats
Picture Hint Answer % Correct
Iconic 1960's band The {Beatles}
100%
2016 Referendum Brexit
97%
City that built the Titanic Belfast
89%
WW2 bombing of London The {Blitz}
89%
War in Africa before WW1 {Boer} War
84%
Mountain first climbed in1771 Ben Nevis
80%
Royal residence since 1852 {Balmoral} Castle
76%
Tourist attraction opened in 1894 {Blackpool} Tower
76%
Scottish Poet that saw a "Wee, sleekit, cowrin, tim'rous beastie" Robert {Burns}
69%
Famous engineer Isambard Kingdom {Brunel}
65%
Birmingham shopping centre that dates back to the Middle Ages Bull Ring
54%
Overseas Territory settled in 1612 Bermuda
50%
Cook's first call in Australia {Botany} Bay
50%
The "Father of the Computer" Charles {Babbage}
42%
Oldest city in Wales Bangor
38%
No matching quizzes found
Score Distribution
Percent of People with Each Score
Percentile by Number Answered
Your Score History
You have not taken this quiz